Clicky-oke: Praise the Savior, Ye Who Know Him Quiz Stats

 Plays Quiz not verified by Sporcle

Challenge
Share
Tweet
Embed
Score 0/20 Timer 05:00
0 Plays Today
% Correct
Savior
76.9%
are
61.5%
changing
59%
owe
56.4%
could
56.4%
conflict
53.8%
hour
53.8%
what
53.8%
soon
53.8%
trust
51.3%
% Correct
saints
51.3%
would
51.3%
render
48.7%
guile
48.7%
cleaving
48.7%
loves
46.2%
Thyself
43.6%
joys
43.6%
charms
38.5%
moves
33.3%

You're not logged in!

Compare scores with friends on all Sporcle quizzes.
Join for Free
OR
Log In

You Might Also Like...

Show Comments

Extras

Top Quizzes Today


Score Distribution

Your Account Isn't Verified!

In order to create a playlist on Sporcle, you need to verify the email address you used during registration. Go to your Sporcle Settings to finish the process.

Report this User

Report this user for behavior that violates our Community Guidelines.

Details: